000 00608nam a2200193 a 4500
001 000048600
005 20201002061252.0
008 190402s2015 dr 000 0 spa d
020 _a9789945430240
040 _aDO-SdBNP
_bspa
_cBNPHU
082 _axx
_bxx
100 1 _aKaba, Esthela
_976050
245 1 0 _aHéroes anónimos /
_cEsthela Kaba ; prólogo Ernesto Jimenes.
260 _aSanto Domingo :
_bLa Escalera,
_c2015.
300 _a478 p. ;
_c23 cm.
590 _aInventariado, 2019/VM
590 _aHomenaje póstumo al Capitán constitucionalista David Sánchez
700 1 _aJimenes, Ernesto
_976051
999 _c48088
_d48088